000 00368nam a2200145Ia 4500
008 241014s9999||||xx |||||||||||||| ||und||
020 _a81-8061-173-6
060 _aWY 150 B 2003
100 _aB.T. Basavanthappa
245 0 _aMedical Surgical Nursing
260 _bJaypee Brothers Medical Publishers
_c2003
300 _a956
650 _aNursing
942 _bDIMC
_cBK
999 _c9253
_d9253